00000000nam##2200000za#4500
0019.680378
003CaOODSP
00520250319165114
007ta
008150407|1998||||xxc|||||     f|0| 0 fre|d
020 |a0-662-82734-1
040 |aCaOODSP|bfre
043 |an-cn---
0861 |aH88-3/22-1998F
1101 |aCanada.|bDivision du vieillissement et des aînés.
24510|aLes médicaments, parlons-en : |bcomment vous pouvez aider les aînés à utiliser des médicaments de façon sécuritaire
260 |aOttawa - Ontario : |bSanté Canada. |c1998.
500 |aSommaire: Présentation et aperçu: Comment se servir de cette trousse; Techniques pour communiquer clairement; L'information sur la santé écrite dans un style clair et simple.--Feuilles d'information.--L'information sur les médicaments pour les aînés écrite dans un style clair et simple.
563 |aTrousse
590 |a99-36|b1999-09-10
69107|aSécurité|2gcpds
69107|aAîné|2gcpds
69107|aMédicament|2gcpds
77508|tMedication matters : |w(CaOODSP)9.646877
7760#|t[Les médicaments, parlons-en ] |w(CaOODSP)9.639701